Welcome to CU Library Online Public Access Catalogue (OPAC)

Writing for professional and technical journals (Record no. 8100)

MARC details
000 -LEADER
fixed length control field 00490cam a22001691 4500
001 - CONTROL NUMBER
control field 1228174
005 - DATE AND TIME OF LATEST TRANSACTION
control field 20251105174547.0
008 - FIXED-LENGTH DATA ELEMENTS--GENERAL INFORMATION
fixed length control field 731207s1968 nyuab b 000 0 eng
050 00 - LIBRARY OF CONGRESS CALL NUMBER
Classification number T11
Item number .M56
082 00 - DEWEY DECIMAL CLASSIFICATION NUMBER
Classification number 808/.066
100 1# - MAIN ENTRY--PERSONAL NAME
Personal name Mitchell, John Howard,
Dates associated with a name 1921-
245 10 - TITLE STATEMENT
Title Writing for professional and technical journals
Statement of responsibility, etc. [by] John H. Mitchell.
260 ## - PUBLICATION, DISTRIBUTION, ETC.
Place of publication, distribution, etc. New York,
Name of publisher, distributor, etc. Wiley
Date of publication, distribution, etc. [1968]
300 ## - PHYSICAL DESCRIPTION
Extent 405 p.
Other physical details illus., maps.
Dimensions 24 cm.
650 #0 - SUBJECT ADDED ENTRY--TOPICAL TERM
Topical term or geographic name entry element Technical writing.
942 ## - ADDED ENTRY ELEMENTS (KOHA)
Source of classification or shelving scheme Library of Congress Classification
Koha item type Books
Suppress in OPAC No
999 ## -
-- 8100
-- 8100
Holdings
Withdrawn status Lost status Source of classification or shelving scheme Damaged status Not for loan Collection Home library Current library Shelving location Date acquired Total checkouts Full call number Barcode Date last seen Copy number Price effective from Koha item type
    Library of Congress Classification     Non-fiction Science Library (Miotso) Science Library (Miotso) General stacks 11/05/2025   T11 .M56 MIT SLM00005459 11/05/2025 1 11/05/2025 Books
© 2023-2024 Copyright: Central University Libraries. All Rights Reserved | Created by: Mahone Tech Office